000 00962nam0a22002771 4500
001 RU\INFOCOMM_322\NLR\5000197436
005 20250613111137.0
035 _a(NLR Aleph) 009581976
090 _a9196371
_c9196371
100 _a20130226d1974 |||y0rusy50 ca
101 0 _afre
102 _aRU
105 _ay z |||||
200 1 _aContes et nouvelles choisis
_fGuy de Maupassant
_g[Сост. и авт. предисл.: Е. М. Евнина
_gКоммент.: Н. И. Серман]
210 _aM.
_c"Progrès"
_d1974
215 _a336 с.
_d20 см
300 _aПредисл. и коммент. на рус. яз.
300 _aНа обороте тит. л.: Ги де Мопассан. Рассказы
620 _aМосква
686 _aШ6(4Фр)53-4
_2rubbk
700 1 _aMaupassant
_bG. de
_f1850-1893
_gGuy de
801 1 _aRU
_bInfocomm
_c20130226
801 0 _aRU
_bINFOCOMM
_gPSBO
852 _aNLR
_jЛ61 Д-3/4262
942 _cBOOK
980 _aNB